The future church : (Record no. 113656)

MARC details
000 -LEADER
campo de control de longitud fija 02016cam a2200397 a 4500
003 - IDENTIFICADOR DE NÚMERO DE CONTROL
campo de control BJBSDDR
005 - FECHA Y HORA DE LA ÚLTIMA TRANSACCIÓN
campo de control 20230411090616.0
007 - CAMPO FIJO DE DESCRIPCIÓN FÍSICA--INFORMACIÓN GENERAL
campo de control de longitud fija ta
008 - DATOS DE LONGITUD FIJA--INFORMACIÓN GENERAL
campo de control de longitud fija 080724s2009 nyu b 001 0 eng
020 ## - NÚMERO INTERNACIONAL ESTÁNDAR DEL LIBRO
Número Internacional Estándar del Libro 9780385520393
020 ## - NÚMERO INTERNACIONAL ESTÁNDAR DEL LIBRO
Número Internacional Estándar del Libro 0385520395
035 ## - NÚMERO DE CONTROL DEL SISTEMA
Número de control de sistema (OCoLC)ocn229027451
040 ## - FUENTE DE CATALOGACIÓN
Centro catalogador/agencia de origen DLC
Centro/agencia transcriptor DLC
Lengua de catalogación spa
041 ## - CÓDIGO DE IDIOMA
Código de lengua del texto/banda sonora o título independiente eng
050 00 - SIGNATURA TOPOGRÁFICA DE LA BIBLIOTECA DEL CONGRESO
Número de clasificación BX 1753
Número de ítem A427f 2009
082 00 - NÚMERO DE LA CLASIFICACIÓN DECIMAL DEWEY
Número de clasificación 282.09
Número de edición 22
100 1# - ENTRADA PRINCIPAL--NOMBRE DE PERSONA
Nombre de persona Allen, John L.
Títulos y otros términos asociados al nombre Jr.,
Fechas asociadas al nombre 1965-
245 14 - MENCIÓN DEL TÍTULO
Título The future church :
Resto del título how ten trends are revolutionizing the Catholic Church /
Mención de responsabilidad, etc. John L. Allen, Jr.
250 ## - MENCION DE EDICION
Mención de edición 1st ed.
260 ## - PUBLICACIÓN, DISTRIBUCIÓN, ETC.
Lugar de publicación, distribución, etc. New York :
Nombre del editor, distribuidor, etc. Image
Fecha de publicación, distribución, etc. 2009.
300 ## - DESCRIPCIÓN FÍSICA
Extensión viii, 469 p. ;
Dimensiones 25 cm.
504 ## - NOTA DE BIBLIOGRAFÍA, ETC.
Nota de bibliografía, etc. Includes bibliographical references and index.
505 0# - NOTA DE CONTENIDO CON FORMATO
Nota de contenido con formato Trend one : a world church -- Trend two : evangelical Catholicism -- Trend three : Islam -- Trend four : the new demography -- Trend five : expanding lay roles -- Trend six : the biotech revolution -- Trend seven : globalization -- Trend eight : ecology -- Trend nine : multipolarism -- Trend ten : Pentecostalism -- Trends that aren't -- Catholicism in the twenty-first century.
520 ## - RESUMEN, ETC.
Sumario, etc. Offers a forecast about the future of the Catholic Church and the implications of the changes that will occur, identifying ten important trends that will revolutionize the the policies, doctrines, and practices of Catholicism over the next century.
610 20 - PUNTO DE ACCESO ADICIONAL DE MATERIA--NOMBRE DE ENTIDAD CORPORATIVA
Nombre de entidad corporativa o nombre de jurisdicción como elemento de entrada Catholic Church
Subdivisión general Doctrines
-- Forecasting.
650 #0 - PUNTO DE ACCESO ADICIONAL DE MATERIA--TÉRMINO DE MATERIA
Término de materia o nombre geográfico como elemento de entrada Christian sociology
Subdivisión general Catholic Church
-- Forecasting.
650 #0 - PUNTO DE ACCESO ADICIONAL DE MATERIA--TÉRMINO DE MATERIA
Término de materia o nombre geográfico como elemento de entrada Twenty-second century
Subdivisión de forma Forecasts.
650 #4 - PUNTO DE ACCESO ADICIONAL DE MATERIA--TÉRMINO DE MATERIA
Término de materia o nombre geográfico como elemento de entrada Iglesia Católica
9 (RLIN) 11217
650 #4 - PUNTO DE ACCESO ADICIONAL DE MATERIA--TÉRMINO DE MATERIA
Término de materia o nombre geográfico como elemento de entrada Iglesia Católica
9 (RLIN) 7667
Subdivisión general Doctrinas
650 #4 - PUNTO DE ACCESO ADICIONAL DE MATERIA--TÉRMINO DE MATERIA
Término de materia o nombre geográfico como elemento de entrada Historia del cristianismo
9 (RLIN) 11216
856 41 - LOCALIZACIÓN Y ACCESO ELECTRÓNICOS
Materiales especificados Table of contents only
Identificador Uniforme de Recursos <a href="http://www.loc.gov/catdir/toc/ecip0825/2008032650.html">http://www.loc.gov/catdir/toc/ecip0825/2008032650.html</a>
906 ## - ELEMENTOS DE DATOS F LOCAL, LDF (RLIN)
a 7
b cbc
c orignew
d 1
e ecip
f 20
g y-gencatlg
942 ## - ELEMENTOS DE ENTRADA SECUNDARIOS (KOHA)
Fuente del sistema de clasificación o colocación Clasificación de Library of Congress
Tipo de ítem Koha Libro
946 ## - PROCESAMIENTO DE INFORMACIÓN LOCAL (OCLC)
Iniciales del agente catalogador lmm
Holdings
Estatus retirado Estado de pérdida Estado de daño No para préstamo Colección Biblioteca de origen Biblioteca actual Ubicación en estantería Fecha de adquisición Signatura topográfica completa Código de barras Visto por última vez Copia número Tipo de ítem Koha
        Humanidades Biblioteca Juan Bosch Biblioteca Juan Bosch Humanidades (4to. Piso) 07/11/2019 BX 1753 A427f 2009 00000138066 07/11/2019 1 Libro